[Event "S. A. Group BAN-chT 2018"]
[Site "Dhaka"]
[Date "2018.12.07"]
[Round "1"]
[White "Kovalev, Vladislav"]
[Black "Anisuzzaman, Jewel"]
[Result "1-0"]
[WhiteElo "2683"]
[BlackElo "1902"]
[Annotator "TA"]
[PlyCount "97"]
[EventDate "2018.12.07"]
[EventType "team-tourn"]
[EventCountry "BAN"]
[SourceTitle "playchess.com"]
[Source "ChessBase"]
[SourceQuality "1"]

{[%evp 14,97,98,89,158,73,79,44,58,49,70,58,85,77,70,39,52,47,47,30,29,0,0,0,0,-6,13,0,0,0,0,-19,22,2,37,4,20,25,27,0,17,33,47,34,49,40,47,19,29,0,60,75,62,70,59,27,101,89,105,100,110,81,79,80,174,177,183,148,172,176,237,248,311,285,517,531,641,618,976,962,907,905,1613,1854,29991,29992]} 1. e4 d6 2. d4 Nf6 3. Nc3 g6 4. Bg5 Bg7 5. Qd2 h6 6. Bh4 a6 {B07: Pirc Defence: Miscellaneous Systems} (6... O-O 7. f4 e5 8. dxe5 Nxe4 9. Bxd8 Nxd2 10. Bxc7 Nxf1 11. Kxf1 dxe5 12. Bxe5 Bxe5 13. fxe5 Nc6 14. Nf3 {½-½ (39) Almasi,Z (2682)-Ponomariov,R (2694) Riadh 2017}) 7. f4 b5 8. e5 {LiveBook: 3 Games} b4 (8... dxe5 $142 9. fxe5 Nd5) 9. Nd1 $146 ({Better is} 9. exf6 bxc3 10. Qe3 cxb2 11. Rb1) ({Predecessor:} 9. exf6 bxc3 10. Qe3 cxb2 11. Rb1 Bf8 12. Nf3 Qd7 13. Bc4 d5 14. fxe7 {0-1 (62) Yanev,T (2412)-Plaskett,H (2497) Palma de Mallorca 2013}) 9... Nd5 10. Bc4 Nb6 11. Bd3 O-O 12. Nf3 c5 13. dxc5 dxc5 14. Be4 {Hoping for Qxd8.} Ra7 15. Qxd8 Rxd8 16. Bf2 Rc7 17. a3 Nd5 18. g3 Bb7 19. Nd2 Nd7 20. Ne3 N7b6 21. Nxd5 Nxd5 22. Bf3 e6 23. Ne4 Bf8 (23... g5 $5) 24. Ke2 Be7 25. Rhd1 Rdc8 26. h4 h5 27. Rdc1 Kf8 28. c4 {Threatens to win with Nd6.} bxc3 29. bxc3 c4 30. a4 Bc6 31. Rcb1 Rb7 (31... Rd7 $11) 32. Rxb7 $14 Bxb7 33. Bd4 Bc6 34. Kd1 Rb8 {[#]} (34... Rd8 $11 35. Ke2 Nb4) 35. Nd2 $1 $16 Ke8 36. Kc2 Kd7 37. Be2 ({Don't play} 37. Nxc4 $6 Nb4+ 38. cxb4 Bxf3 $11) 37... Nb6 38. a5 Nd5 (38... Na4 $16 {was called for.}) 39. Bxc4 $18 Nc7 40. Ba7 Rb7 41. Bb6 $36 {[%mdl 2048] White is really pushing.} Nb5 (41... Rb8 {might work better.} 42. Bxc7 Kxc7 43. Bxa6 Bc5) 42. Bd3 Kc8 43. c4 Na3+ $2 (43... Nc7 {was necessary.} 44. Ne4 Ne8) 44. Kc3 Rd7 45. Nb3 Bb4+ 46. Kxb4 {[%mdl 64] [#] Trapped Piece} Rxd3 47. Rxa3 Rxg3 48. Nc5 Rg4 49. Rd3 {Accuracy: White = 62%, Black = 27%.} 1-0

[Event "S. A. Group BAN-chT 2018"]
[Site "Dhaka"]
[Date "2018.12.07"]
[Round "1"]
[White "Mollah Abdullah, Al Rakib"]
[Black "Sai Agni Jeevitesh, J."]
[Result "1/2-1/2"]
[WhiteElo "2477"]
[BlackElo "2336"]
[Annotator "TA"]
[PlyCount "47"]
[EventDate "2018.12.07"]
[EventType "team-tourn"]
[EventCountry "BAN"]
[SourceTitle "playchess.com"]
[Source "ChessBase"]
[SourceQuality "1"]

{[%evp 15,47,6,16,-8,8,0,12,0,13,1,13,15,10,12,22,4,0,-40,-32,-27,0,0,0,0,0,0,0,-16,0,0,0,-13,0,0]} 1. d4 Nf6 2. Nf3 e6 3. c4 Bb4+ 4. Nbd2 O-O 5. a3 Be7 6. e3 b6 {E11: Bogo-Indian} 7. Bd3 Bb7 8. b3 d5 {LiveBook: 16 Games} 9. cxd5 $146 ({Predecessor:} 9. Bb2 Nbd7 10. O-O c5 11. Rc1 Rc8 12. Qe2 cxd4 13. exd4 Re8 14. Rfd1 Bf8 15. Nf1 dxc4 16. bxc4 Qc7 17. Ne3 g6 18. Bb1 Nh5 19. g3 Nhf6 20. Ba2 {½-½ (55) Ponomariov,R (2723)-Zhao,J (2603) Danzhou 2014}) 9... exd5 10. Bb2 Nbd7 11. Rc1 c5 12. O-O Bd6 13. Ne5 Qe7 {[%cal Rd7e5]} 14. Nxd7 Nxd7 15. dxc5 Nxc5 16. Qg4 {[%csl Gb2][%cal Rg4g7] [#]} g6 $1 17. Bb1 ({Of course not} 17. Qd4 f6 $17) 17... Ne4 18. Bxe4 {The position is equal.} dxe4 19. Nc4 Bc7 20. a4 {With the idea Ba3.} Rfd8 21. Ba3 Qf6 22. Bb2 Qe7 23. Ba3 Qf6 24. Bb2 {Accuracy: White = 59%, Black = 58%.} 1/2-1/2

[Event "S. A. Group BAN-chT 2018"]
[Site "Dhaka"]
[Date "2018.12.07"]
[Round "1"]
[White "Sidhant, Mohapatra"]
[Black "Safarli, Eltaj"]
[Result "0-1"]
[WhiteElo "2343"]
[BlackElo "2671"]
[Annotator "TA"]
[PlyCount "120"]
[EventDate "2018.12.07"]
[EventType "team-tourn"]
[EventCountry "BAN"]
[SourceTitle "playchess.com"]
[Source "ChessBase"]
[SourceQuality "1"]

{[%evp 18,120,37,24,25,27,16,14,21,16,17,4,9,0,4,8,16,0,9,-12,-8,-8,-8,-8,-8,-8,-8,-8,-21,-20,-4,-4,-4,-20,-20,-6,-14,-29,-37,-81,-81,-81,-81,-81,-81,-81,-81,-81,-81,-81,-55,-74,-46,-65,-43,-68,-47,-81,-44,-43,-46,-35,-39,-41,-42,-41,-42,-41,-41,-28,0,-25,0,-22,0,-41,-41,-53,-41,-117,-117,-102,-95,-95,-95,-102,-102,-110,-110,-1274,-1106,-1310,-1267,-1310,-1119,-29967,-29968,-29962,-12821,-29974,-29975,-29974,-29973,-29973,-29972]} 1. e4 e5 2. Nf3 Nc6 3. Bb5 a6 4. Ba4 Nf6 5. O-O Be7 6. d3 d6 7. c3 O-O 8. Re1 b5 9. Bc2 Re8 10. a4 {LiveBook: 7 Games. C84: Closed Ruy Lopez: Unusual White 6th moves} (10. Nbd2 Bf8 11. Nf1 Nb8 12. d4 Nbd7 13. Ng3 Bb7 14. b3 g6 15. a4 Bg7 16. Bd3 d5 17. Bg5 dxe4 18. Bxe4 Bxe4 19. Nxe4 exd4 20. Nxd4 {1-0 (44) Carlsen,M (2840)-Hansen,E (2603) chess.com INT 2017}) 10... b4 11. a5 Rb8 $146 ({Predecessor:} 11... bxc3 12. bxc3 h6 13. Nbd2 Bf8 14. Nc4 g6 15. Bd2 Bg7 16. h3 Bd7 17. d4 exd4 18. cxd4 {½-½ (34) Kejzar,P (2045)-Suta,A (2168) Split 2018}) 12. Nbd2 {The position is equal.} Bf8 13. Nc4 h6 14. Ba4 Bd7 15. Bd2 bxc3 16. bxc3 Ne7 17. Qc2 Ng6 18. Rab1 (18. Ne3 {is more complex.} Bxa4 19. Qxa4 Nf4 20. Qc2 Qd7 21. Nf1) 18... Rxb1 19. Rxb1 Bxa4 20. Qxa4 d5 21. exd5 Qxd5 22. d4 exd4 23. cxd4 Rd8 24. Qc2 c5 25. Nb6 Qe4 26. Qxe4 Nxe4 27. Be3 Nc3 $36 {[%mdl 2048] Black has the initiative.} 28. Rb2 cxd4 $1 29. Bxd4 Nb5 30. Rd2 {[#]} Nh4 $1 {[%cal Rh4f3][%mdl 512]} 31. Be3 (31. Nxh4 Nxd4) 31... Nxf3+ 32. gxf3 Rxd2 33. Bxd2 $17 {[%mdl 4096] Endgame KBN-KBN} Kh7 34. Nc4 Bd6 35. Nxd6 Nxd6 $15 {KB-KN} 36. Kf1 Kg6 37. Bc3 f6 38. Ke2 Kf5 39. Ke3 Ke6 40. Bb4 Kd5 41. Kf4 g6 42. Bc3 Ke6 43. Bb4 h5 44. Ke3 Kd5 45. Bc3 f5 46. Bb4 Nf7 47. Be7 Ne5 {And now ...Nc6 would win.} 48. Bd8 {[#]} ({White should try} 48. Kf4 $15) 48... Nc6 $1 $17 {[%cal Rc6d8]} 49. Bb6 {[#]} g5 $1 50. f4 g4 51. f3 Kc4 52. fxg4 hxg4 53. Kf2 $2 {[%mdl 8192]} (53. Bc7 $17) 53... Kb5 $19 54. Kg3 Nxa5 55. Bd8 Nc4 56. h3 gxh3 57. Kxh3 a5 {[%cal Ba6a5,Ba5a4][%mdl 32]} 58. Kh4 a4 {Black mates.} 59. Be7 Kc6 60. Kg5 Kd7 {Accuracy: White = 34%, Black = 80%.} 0-1

[Event "S. A. Group BAN-chT 2018"]
[Site "Dhaka"]
[Date "2018.12.07"]
[Round "1"]
[White "Sahoo, Utkal Ranjan"]
[Black "Mohammad Minhaz Uddin"]
[Result "1-0"]
[WhiteElo "2286"]
[BlackElo "2290"]
[Annotator "NA"]
[PlyCount "101"]
[EventDate "2018.12.07"]
[EventType "team-tourn"]
[EventCountry "BAN"]
[SourceTitle "playchess.com"]
[Source "ChessBase"]
[SourceQuality "1"]
[TimeControl "5400+30"]

1. d4 {[%emt 0:00:00]} Nf6 {[%emt 0:00:00]} 2. c4 {[%emt 0:00:02]} e6 {[%emt 0:00:00]} 3. Nf3 {[%emt 0:00:12]} b6 {[%emt 0:00:00]} 4. Nc3 {[%emt 0:01:30]} Bb4 {[%emt 0:00:11]} 5. Qc2 {[%emt 0:00:34]} Bb7 {[%emt 0:00:39]} 6. a3 {[%emt 0:01:06]} Bxc3+ {[%emt 0:00:09]} 7. Qxc3 {[%emt 0:00:04]} O-O {[%emt 0:00:17]} 8. Bg5 {[%emt 0:01:04]} d6 {[%emt 0:00:22]} 9. Nd2 {[%emt 0:01:07]} Nbd7 {[%emt 0:07:09]} 10. f3 {[%emt 0:02:06]} h6 {[%emt 0:00:13]} 11. Bh4 {[%emt 0:04:22]} c5 {[%emt 0:02:40]} 12. e4 {[%emt 0:01:39]} Rc8 {[%emt 0:09:13]} 13. Bd3 {[%emt 0:08:43]} cxd4 {[%emt 0:04:26]} 14. Qxd4 {[%emt 0:00:13]} Qc7 {[%emt 0:12:56]} 15. O-O {[%emt 0:03:39]} e5 {[%emt 0:01:16]} 16. Qe3 {[%emt 0:03:07]} Nh5 {[%emt 0:00:51]} 17. Rfd1 {[%emt 0:01:39]} Nf4 {[%emt 0:01:12]} 18. Bf1 {[%emt 0:00:44]} Nb8 {[%emt 0:01:16]} 19. b4 {[%emt 0:03:41]} Nc6 {[%emt 0:02:57]} 20. Nb3 {[%emt 0:02:11]} Ne6 {[%emt 0:00:25]} 21. Qd3 {[%emt 0:02:49]} g5 {[%emt 0:08:56]} 22. Bf2 {[%emt 0:01:58]} Rcd8 {[%emt 0:03:21]} 23. Rac1 {[%emt 0:12:44]} Ne7 {[%emt 0:02:21]} 24. Qc3 {[%emt 0:07:15]} Bc6 {[%emt 0:01:32]} 25. Nd2 {[%emt 0:04:14]} Ba4 {[%emt 0:04:22]} 26. Re1 {[%emt 0:00:15]} Bc6 {[%emt 0:00:05]} 27. Qb3 {[%emt 0:04:20]} Bb7 {[%emt 0:03:44]} 28. Nb1 {[%emt 0:02:14]} Nc6 {[%emt 0:00:24]} 29. Nc3 {[%emt 0:00:33]} Ncd4 {[%emt 0:00:08]} 30. Qd1 {[%emt 0:01:26]} f5 {[%emt 0:02:16]} 31. Nd5 {[%emt 0:03:02]} Qg7 {[%emt 0:00:41]} 32. exf5 {[%emt 0:01:55]} Rxf5 {[%emt 0:02:13]} 33. Bd3 {[%emt 0:03:18]} Rf7 {[%emt 0:00:06]} 34. Be4 {[%emt 0:01:38]} Rdf8 {[%emt 0:01:54]} 35. Be3 {[%emt 0:01:11]} Kh8 {[%emt 0:03:45]} 36. Qd3 {[%emt 0:04:01]} g4 {[%emt 0:06:20]} 37. fxg4 {[%emt 0:05:01]} Qxg4 {[%emt 0:01:20]} 38. Bxh6 {[%emt 0:02:15]} Nf3+ {[%emt 0:06:23]} 39. Bxf3 {[%emt 0:01:12]} Rxf3 {[%emt 0:00:02]} 40. Re3 {[%emt 0:04:03]} Rg8 {[%emt 0:03:29]} 41. Rc2 {[%emt 0:03:21]} Nd4 {[%emt 0:00:56]} 42. Rb2 {[%emt 0:00:35]} Qh5 {[%emt 0:03:49]} 43. Kh1 {[%emt 0:02:08]} Qxh6 {[%emt 0:06:21]} 44. gxf3 {[%emt 0:00:19]} Qg5 {[%emt 0:00:29]} 45. Qf1 {[%emt 0:01:31]} Qh6 {[%emt 0:00:33]} 46. f4 {[%emt 0:00:45]} Rg4 {[%emt 0:00:41]} 47. Rh3 {[%emt 0:00:54]} Rh4 {[%emt 0:00:02]} 48. Rxh4 {[%emt 0:00:30]} Qxh4 {[%emt 0:00:02]} 49. Rg2 {[%emt 0:00:27]} Bc8 {[%emt 0:01:20]} 50. fxe5 {[%emt 0:00:27]} Bf5 {[%emt 0:00:24]} 51. Nf6 {[%emt 0:00:34]} 1-0

[Event "S. A. Group BAN-chT 2018"]
[Site "Dhaka"]
[Date "2018.12.07"]
[Round "1"]
[White "Abu Sufian, Shakil"]
[Black "Rahman, Matiur"]
[Result "1-0"]
[WhiteElo "2230"]
[BlackElo "1984"]
[Annotator "NA"]
[PlyCount "99"]
[EventDate "2018.12.07"]
[EventType "team-tourn"]
[EventCountry "BAN"]
[SourceTitle "playchess.com"]
[Source "ChessBase"]
[SourceQuality "1"]
[TimeControl "5400+30"]

1. e4 {[%emt 0:00:00]} c5 {[%emt 0:00:00]} 2. Nf3 {[%emt 0:00:00]} d6 {[%emt 0:00:18]} 3. d4 {[%emt 0:00:00]} cxd4 {[%emt 0:02:42]} 4. Nxd4 {[%emt 0:00:13]} Nf6 {[%emt 0:00:10]} 5. Nc3 {[%emt 0:00:02]} a6 {[%emt 0:00:37]} 6. Bc4 {[%emt 0:00:05]} e6 {[%emt 0:01:56]} 7. Bb3 {[%emt 0:00:25]} Be7 {[%emt 0:02:48]} 8. g4 {[%emt 0:01:42]} h6 {[%emt 0:02:28]} 9. Be3 {[%emt 0:04:53]} Nc6 {[%emt 0:06:07]} 10. Rg1 {[%emt 0:02:27]} Qc7 {[%emt 0:06:35]} 11. Qe2 {[%emt 0:02:47]} Nxd4 {[%emt 0:01:56]} 12. Bxd4 {[%emt 0:00:02]} e5 {[%emt 0:00:25]} 13. Be3 {[%emt 0:00:22]} Be6 {[%emt 0:02:15]} 14. O-O-O {[%emt 0:02:38]} b5 {[%emt 1:08:43]} 15. Nd5 {[%emt 0:04:39]} Bxd5 {[%emt 0:00:00]} 16. Bxd5 {[%emt 0:00:07]} Nxd5 {[%emt 0:00:00]} 17. Rxd5 {[%emt 0:00:08]} Bg5 {[%emt 0:00:00]} 18. Rgd1 {[%emt 0:01:45]} Rd8 {[%emt 0:00:00]} 19. Kb1 {[%emt 0:01:34]} Ke7 {[%emt 0:00:00]} 20. Qd2 {[%emt 0:12:52]} Bxe3 {[%emt 0:00:00]} 21. Qxe3 {[%emt 0:00:12]} f6 {[%emt 0:00:00]} 22. f4 {[%emt 0:01:31]} g5 {[%emt 0:00:00]} 23. fxe5 {[%emt 0:01:31]} fxe5 {[%emt 0:00:00]} 24. Qa3 {[%emt 0:00:36]} Ke6 {[%emt 0:00:00]} 25. Qxa6 {[%emt 0:01:41]} b4 {[%emt 0:00:00]} 26. Qb5 {[%emt 0:01:56]} Rb8 {[%emt 0:00:00]} 27. Rxd6+ {[%emt 0:03:12]} Qxd6 {[%emt 0:00:00]} 28. Rxd6+ {[%emt 0:00:12]} Kxd6 {[%emt 0:00:00]} 29. Qd5+ {[%emt 0:00:07]} Kc7 {[%emt 0:00:00]} 30. Qxe5+ {[%emt 0:00:24]} Kb6 {[%emt 0:00:00]} 31. Qd6+ {[%emt 0:03:11]} Ka5 {[%emt 0:00:00]} 32. a3 {[%emt 0:01:21]} bxa3 {[%emt 0:00:00]} 33. Qxa3+ {[%emt 0:00:13]} Kb5 {[%emt 0:00:00]} 34. Qd3+ {[%emt 0:02:17]} Kb6 {[%emt 0:00:00]} 35. Qd6+ {[%emt 0:00:16]} Kb5 {[%emt 0:00:00]} 36. b3 {[%emt 0:00:52]} Rbd8 {[%emt 0:00:00]} 37. c4+ {[%emt 0:02:51]} Ka5 {[%emt 0:00:00]} 38. Qc5+ {[%emt 0:00:13]} Ka6 {[%emt 0:00:00]} 39. Kc2 {[%emt 0:00:29]} Kb7 {[%emt 0:00:00]} 40. b4 {[%emt 0:01:30]} Rhf8 {[%emt 0:00:00]} 41. b5 {[%emt 0:00:22]} Rc8 {[%emt 0:00:00]} 42. Qd5+ {[%emt 0:01:21]} Kb6 {[%emt 0:00:00]} 43. Kb3 {[%emt 0:01:27]} Rfd8 {[%emt 0:00:00]} 44. Qe6+ {[%emt 0:00:55]} Kc5 {[%emt 0:00:00]} 45. Qe5+ {[%emt 0:00:45]} Kb6 {[%emt 0:00:00]} 46. Kb4 {[%emt 0:00:40]} Rd1 {[%emt 0:00:00]} 47. c5+ {[%emt 0:00:54]} Kb7 {[%emt 0:00:00]} 48. Qe7+ {[%emt 0:01:47]} Rc7 {[%emt 0:00:00]} 49. c6+ {[%emt 0:00:19]} Kb8 {[%emt 0:00:00]} 50. Qe5 {[%emt 0:00:47]} 1-0

[Event "S. A. Group BAN-chT 2018"]
[Site "Dhaka"]
[Date "2018.12.07"]
[Round "1"]
[White "Ahmed, Sk. Nasir"]
[Black "Jamal Uddin"]
[Result "1-0"]
[WhiteElo "2119"]
[BlackElo "2001"]
[Annotator "NA"]
[PlyCount "84"]
[EventDate "2018.12.07"]
[EventType "team-tourn"]
[EventCountry "BAN"]
[SourceTitle "playchess.com"]
[Source "ChessBase"]
[SourceQuality "1"]
[TimeControl "5400+30"]

1. e4 {[%emt 0:00:00]} g6 {[%emt 0:00:06]} 2. d4 {[%emt 0:00:00]} Bg7 {[%emt 0:00:03]} 3. Nc3 {[%emt 0:00:00]} d6 {[%emt 0:00:16]} 4. Bg5 {[%emt 0:00:20]} Nd7 {[%emt 0:01:08]} 5. Qd2 {[%emt 0:01:19]} c5 {[%emt 0:01:29]} 6. d5 {[%emt 0:01:53]} a6 {[%emt 0:01:30]} 7. a4 {[%emt 0:02:08]} Qa5 {[%emt 0:01:13]} 8. f4 {[%emt 0:01:24]} Ngf6 {[%emt 0:01:47]} 9. Ra3 {[%emt 0:18:15]} Qb4 {[%emt 0:08:23]} 10. Rb3 {[%emt 0:02:20]} Qd4 {[%emt 0:00:53]} 11. Nf3 {[%emt 0:34:41]} Qxd2+ {[%emt 0:04:50]} 12. Nxd2 {[%emt 0:00:19]} h6 {[%emt 0:00:36]} 13. Bh4 {[%emt 0:04:45]} Nh5 {[%emt 0:01:39]} 14. Ne2 {[%emt 0:01:17]} Rb8 {[%emt 0:10:59]} 15. a5 {[%emt 0:02:41]} b5 {[%emt 0:03:05]} 16. Bf2 {[%emt 0:05:19]} O-O {[%emt 0:06:13]} 17. g3 {[%emt 0:03:18]} Nhf6 {[%emt 0:06:32]} 18. Bg2 {[%emt 0:01:02]} Bb7 {[%emt 0:05:47]} 19. h3 {[%emt 0:01:08]} c4 {[%emt 0:01:47]} 20. Re3 {[%emt 0:05:10]} Nc5 {[%emt 0:01:00]} 21. O-O {[%emt 0:00:24]} Rfc8 {[%emt 0:03:04]} 22. b3 {[%emt 0:04:40]} cxb3 {[%emt 0:01:58]} 23. cxb3 {[%emt 0:00:01]} Ncd7 {[%emt 0:05:50]} 24. Rd3 {[%emt 0:00:12]} Nc5 {[%emt 0:00:45]} 25. Re3 {[%emt 0:00:18]} h5 {[%emt 0:02:00]} 26. Rc1 {[%emt 0:01:45]} Ncd7 {[%emt 0:01:28]} 27. Rec3 {[%emt 0:01:10]} Rxc3 {[%emt 0:00:52]} 28. Nxc3 {[%emt 0:01:26]} Rc8 {[%emt 0:01:46]} 29. Ne2 {[%emt 0:00:37]} Rxc1+ {[%emt 0:01:00]} 30. Nxc1 {[%emt 0:00:02]} Nc5 {[%emt 0:00:21]} 31. Bxc5 {[%emt 0:04:14]} dxc5 {[%emt 0:00:23]} 32. Nd3 {[%emt 0:00:02]} h4 {[%emt 0:05:32]} 33. g4 {[%emt 0:02:21]} Nd7 {[%emt 0:01:15]} 34. e5 {[%emt 0:00:01]} Kf8 {[%emt 0:03:26]} 35. Kf1 {[%emt 0:00:06]} g5 {[%emt 0:08:16]} 36. e6 {[%emt 0:00:42]} Nf6 {[%emt 0:00:28]} 37. Nxc5 {[%emt 0:00:07]} Bxd5 {[%emt 0:00:12]} 38. fxg5 {[%emt 0:00:36]} Bxg2+ {[%emt 0:00:32]} 39. Kxg2 {[%emt 0:00:02]} Nd5 {[%emt 0:00:32]} 40. Nde4 {[%emt 0:01:49]} Nf4+ {[%emt 0:02:21]} 41. Kf3 {[%emt 0:00:17]} Nxe6 {[%emt 0:00:11]} 42. Nxe6+ {[%emt 0:02:49]} fxe6 {[%emt 0:00:05]} 1-0

[Event "S. A. Group BAN-chT 2018"]
[Site "Dhaka"]
[Date "2018.12.07"]
[Round "1"]
[White "Uten"]
[Black "Rahman, Ziaur"]
[Result "0-1"]
[WhiteElo "2114"]
[BlackElo "2468"]
[Annotator "TA"]
[PlyCount "86"]
[EventDate "2018.12.07"]
[EventType "team-tourn"]
[EventCountry "BAN"]
[SourceTitle "playchess.com"]
[Source "ChessBase"]
[SourceQuality "1"]

{[%evp 19,86,-4,0,-27,-17,-27,-40,-34,-29,-52,-49,-44,-43,-77,-77,-81,-90,-86,-86,-82,-72,-216,-225,-193,-102,-125,-116,-155,-97,-93,-94,-242,-47,-45,-44,-47,-48,-101,-8,-14,-8,-14,-12,-732,-731,-902,-52,-62,-52,-52,-52,-52,-59,-85,-85,-85,-92,-89,-89,-101,-107,-79,-75,-63,0,-29990,-29991,-29996,-5]} 1. e4 c5 2. Nf3 d6 3. d4 cxd4 4. Nxd4 Nf6 5. Nc3 Nc6 6. Be2 e5 7. Nf3 h6 8. O-O Be7 9. h3 O-O 10. Be3 Be6 {LiveBook: 13 Games} 11. Nh2 {B58: Classical Sicilian: 6 Be2} (11. Re1 d5 12. exd5 Nxd5 13. Nxd5 Qxd5 14. Nd2 Rad8 15. c3 f5 16. Nb3 Qe4 17. Qc1 Qh4 18. f4 Bd5 {0-1 (46) Rodriguez Vila,A (2468)-Diamant,A (2492) Barreirinhas 2015}) 11... d5 12. exd5 Nxd5 13. Nxd5 {Black is slightly better.} Bxd5 14. Qd2 $146 ({Predecessor:} 14. c4 Be6 15. b3 f5 16. f4 e4 17. g4 Bf6 18. Rc1 Qe7 {0-1 (32) Cobos Navarro,F (2146)-Gultresa Boada,I (2063) Llinars del Valles 2013}) 14... Be6 15. Rfd1 Qc7 16. a3 f5 {[%cal Bf7f5,Bf5f4][%mdl 32] Threatens to win with ...f4.} 17. Qc3 Bf6 18. Bc4 Qf7 19. Bxe6 Qxe6 20. Qc5 (20. Qd3 $17 {was the only chance.}) 20... f4 $19 21. Bd2 b6 (21... Nd4 $1 $19 22. Bb4 Rfc8) 22. Qb5 $17 Nd4 23. Qa6 Nxc2 (23... f3 $142 24. Nxf3 Nxf3+ 25. gxf3 Bh4) 24. Rac1 Nd4 25. Ng4 (25. Re1 $17 {is a better defense.}) 25... Nb3 $2 (25... f3 $1 $19 {White must now prevent ...Ne2+.} 26. Bb4 Rfd8) 26. Bb4 $1 $15 {Hoping for Rd6.} Nxc1 27. Bxf8 Rxf8 28. Rxc1 {[#]} (28. Nxf6+ $15 gxf6 29. Rxc1) 28... e4 (28... Bh4 $1 $17 {With the idea ...e4.} 29. Qc4 Qxc4 30. Rxc4 Rd8) 29. Nxf6+ $11 Rxf6 30. Qxa7 {[%mdl 4096] Endgame KQR-KQR} e3 31. Re1 $2 {[%mdl 8192]} (31. Qa8+ $11 Rf8 32. Qf3) 31... Qd5 $19 {aiming for ...Rg6.} 32. Qa6 Rg6 $2 (32... exf2+ $19 33. Kxf2 Rg6) 33. Qf1 $15 f3 {( -> ...e2)} 34. Rxe3 Rxg2+ 35. Kh1 Rg6 $1 36. Qd3 Qg5 $36 {[%csl Gf3,Gg6][%cal Rg5g2][%mdl 2048] Keeping White busy.} 37. Qc4+ Kh7 {[%csl Gf3,Gg6][%cal Rg5g2]} 38. Qf1 Qf5 39. a4 Rd6 {...Rd1! is the strong threat.} 40. Kh2 Qf4+ 41. Kh1 Qf5 ({Black should try} 41... Rg6 $15) 42. b4 $2 {[%mdl 8192] [#]} (42. Kh2 $11) 42... Rd1 $1 {[%mdl 512]} 43. Kh2 (43. Qxd1 Qxh3+) 43... Rd4 $2 {[%mdl 32768] Accuracy: White = 38%, Black = 49%. . Loss on time!?} (43... Rxf1 {mates} 44. Re4 {[#]} Rh1+ $1 {[%mdl 576] Deflection, Decoy} 45. Kxh1 Qxh3+ 46. Kg1 Qg2#) 0-1

[Event "S. A. Group BAN-chT 2018"]
[Site "Dhaka"]
[Date "2018.12.07"]
[Round "1"]
[White "Bhuiyan, Golam Mostafa"]
[Black "Hasan Md, Emam"]
[Result "1-0"]
[WhiteElo "2079"]
[BlackElo "2076"]
[Annotator "NA"]
[PlyCount "92"]
[EventDate "2018.12.07"]
[EventType "team-tourn"]
[EventCountry "BAN"]
[SourceTitle "playchess.com"]
[Source "ChessBase"]
[SourceQuality "1"]
[TimeControl "5400+30"]

1. e4 {[%emt 0:00:00]} e5 {[%emt 0:00:04]} 2. Nf3 {[%emt 0:00:00]} d6 {[%emt 0:00:02]} 3. d4 {[%emt 0:00:00]} Nd7 {[%emt 0:00:03]} 4. Nc3 {[%emt 0:00:10]} c6 {[%emt 0:00:08]} 5. Bc4 {[%emt 0:00:16]} Be7 {[%emt 0:00:10]} 6. Be3 {[%emt 0:08:07]} h6 {[%emt 0:01:03]} 7. Qd2 {[%emt 0:00:16]} Ngf6 {[%emt 0:01:17]} 8. h3 {[%emt 0:02:16]} Qc7 {[%emt 0:02:00]} 9. Bb3 {[%emt 0:14:27]} a6 {[%emt 0:05:29]} 10. a4 {[%emt 0:01:36]} Nf8 {[%emt 0:02:56]} 11. a5 {[%emt 0:00:17]} Be6 {[%emt 0:01:13]} 12. d5 {[%emt 0:01:51]} cxd5 {[%emt 0:03:05]} 13. exd5 {[%emt 0:00:35]} Bf5 {[%emt 0:00:54]} 14. Nh4 {[%emt 0:00:40]} Ne4 {[%emt 0:07:58]} 15. Nxf5 {[%emt 0:10:56]} Nxd2 {[%emt 0:04:36]} 16. Nxg7+ {[%emt 0:00:02]} Kd7 {[%emt 0:03:09]} 17. Ba4+ {[%emt 0:01:50]} Kc8 {[%emt 0:00:25]} 18. Bb6 {[%emt 0:08:55]} Qc4 {[%emt 0:00:37]} 19. Nf5 {[%emt 0:07:13]} Ng6 {[%emt 0:02:52]} 20. Be3 {[%emt 0:02:44]} Kb8 {[%emt 0:05:21]} 21. Kxd2 {[%emt 0:03:39]} Bg5 {[%emt 0:01:44]} 22. Bb3 {[%emt 0:00:06]} Bxe3+ {[%emt 0:01:08]} 23. fxe3 {[%emt 0:00:51]} Qc8 {[%emt 0:02:10]} 24. Nxd6 {[%emt 0:00:32]} Qd7 {[%emt 0:06:41]} 25. Nc4 {[%emt 0:01:21]} Qf5 {[%emt 0:01:32]} 26. Raf1 {[%emt 0:04:24]} Qg5 {[%emt 0:00:24]} 27. Nb6 {[%emt 0:00:19]} f5 {[%emt 0:02:46]} 28. Rf2 {[%emt 0:01:45]} Kc7 {[%emt 0:01:15]} 29. Nxa8+ {[%emt 0:02:22]} Rxa8 {[%emt 0:00:01]} 30. Re1 {[%emt 0:02:08]} Re8 {[%emt 0:02:15]} 31. Kc1 {[%emt 0:00:02]} e4 {[%emt 0:01:44]} 32. Kb1 {[%emt 0:00:54]} h5 {[%emt 0:04:30]} 33. Rd2 {[%emt 0:04:08]} Kd6 {[%emt 0:00:42]} 34. Rf2 {[%emt 0:02:00]} Re5 {[%emt 0:01:53]} 35. Ref1 {[%emt 0:03:22]} Nh4 {[%emt 0:02:14]} 36. Re2 {[%emt 0:01:12]} Qd8 {[%emt 0:01:21]} 37. Ref2 {[%emt 0:02:38]} Qg5 {[%emt 0:06:30]} 38. Re1 {[%emt 0:02:14]} Ng6 {[%emt 0:08:50]} 39. Ref1 {[%emt 0:02:43]} Ne7 {[%emt 0:00:10]} 40. g4 {[%emt 0:01:02]} hxg4 {[%emt 0:00:26]} 41. hxg4 {[%emt 0:00:08]} Qxg4 {[%emt 0:00:10]} 42. Rh2 {[%emt 0:00:30]} Qg5 {[%emt 0:01:10]} 43. Rfh1 {[%emt 0:00:00]} Ng6 {[%emt 0:05:14]} 44. Rh6 {[%emt 0:00:25]} Re7 {[%emt 0:00:17]} 45. Ne2 {[%emt 0:00:32]} Ke5 {[%emt 0:02:29]} 46. R1h3 {[%emt 0:02:02]} Rd7 {[%emt 0:05:45]} 1-0